000 01208nam a2200205Ia 4500
008 0000002013 ck ad 0000000000spa00
090 _aPSP00 D16ch
245 1 0 _aChema Dapena
_b: cábala, la luz en el tiempo
_c/ textos Enrique Serrano ...[et al.] ; curaduría Mónika Harmann ; fotografías Chema DaPena
300 _a32 p.
_c/ 25 cm.
500 _aExposición realizada en el Museo y Centro Cultural Casa Grau de Bogotá entre el 16 y el 31 de mayo de 2013 \ Exposición realizada con la colaboración de las Embajadas de Israel y de España en Colombia \ Incluye datos biográficos y cronología artística
501 _aTEXTOS DE: Enrique Serrano Xan Rodriguez Mónika Harmann Joan Lluis Montané Alfonso Velasco Rojas José Luis Pascual Paloma Martinez Moya José Luis Del Olmo Costuel Francisco de Pablos Salomón Iben Gabirol Mosé Ben Sem Tob
600 0 0 _a DAPENA, CHEMA, 1955/
_xTRABAJOS PICTORICOS
650 1 4 _a PINTURA ESPAÑOLA
650 1 4 _aCABALA EN EL ARTE
650 1 4 _xCATALOGOS
650 1 4 _xEXPOSICIONES
650 1 4 _aPINTORES ESPAÑOLES
650 1 4 _aSIMBOLISMO RELIGIOSO EN EL ARTE
999 _c15178
_d15178
260 _aBogotá : Museo y Centro Cultural Casa Grau
_c2013